Economics of entrepreneurship and startups (Record no. 396911)

MARC details
000 -LEADER
fixed length control field 00525 a2200205 4500
005 - DATE & TIME
control field 20260417114635.0
008 - FIXED-LENGTH DATA ELEMENTS--GENERAL INFORMATION
fixed length control field 260416b |||||||| |||| 00| 0 eng d
020 ## - ISBN
International Standard Book Number 9788119684342
Price Rs. 1950.00
040 ## - CATALOGING SOURCE
Original cataloging agency VIVEKANANDA LIBRARY
082 ## - DDC NUMBER
Classification number 338.04
Book Number K166E
100 ## - MAIN ENTRY--PERSONAL NAME
Personal name Kaur, Rajpreet
245 ## - TITLE STATEMENT
Title Economics of entrepreneurship and startups
260 ## - PUBLICATION, DISTRIBUTION, ETC. (IMPRINT)
Name of publisher, distributor, etc Book Enclave
Date of publication, distribution, etc 2025
Place of publication, distribution, etc Jaipur
300 ## - PHYSICAL DESCRIPTION
Pages x, 259
650 ## - Subject
Subject Production
650 ## - Subject
Subject Economic
650 ## - Subject
Subject Entrepreneurship
700 ## - Added Entry Personal Name
Added Entry Personal Name Singla, Parul
942 ## - ADDED ENTRY ELEMENTS (KOHA)
Koha item type Books
Holdings
Withdrawn status Lost status Source of classification or shelving scheme Damaged status Not for loan Location (home branch) Sublocation or collection (holding branch) Shelving location Date acquired Koha issues (times borrowed) Koha full call number Accession No. Koha date last seen Koha item type
    Dewey Decimal Classification     VIVEKANANDA LIBRARY VIVEKANANDA LIBRARY IMSAR Library 25/02/2026   338.04 K166E 420935 25/02/2026 Books
© Designed and Maintained by Vivekananda Library, MDU Rohtak